=LDR 00000nam 2200000 4500 =001 INLIS000000000028691 =005 20130612130958 =008 ***********************************Ind** =035 ##$$a0010-061300000028691 =041 ##$$a Ind =082 ##$$a 371.39 =090 ##$$a 371.39, Hai m =100 ##$$a Hainstock, Elizabeth G =245 ##$$a Montessori untuk prasekolah, Panduan sistematis, praktis =260 ##$$a 2002 $b Jakarta =300 ##$$a xii, 139 hlm, ilus, 21 cm =650 ##$$a Pendidikan =700 ##$$a Hermes =850 ##$$a NBPNMAT =990 ##$$a 0001/BPAP-NTB/20142014 =990 ##$$a 86378637 =990 ##$$a 01201708637 =990 ##$$a 0001/BPAP-NTB/20142014